LEADER 01620nam0 2200337 450 001 000033992 005 20220503101011.0 012 $aor08 usu- lora sito (3) 1586 (R)$2fei$5UNIPARTHENOPE 100 $a20211129d1586----km-y0itay50------ba 101 0 $alat$aita 102 $aIT 105 $ay-------001yy 200 1 $aVolumen Statutorum, legum ac iurium D. Venetorum, cum amplissimo indice omnium materiarum, ... additis correctionibus in creatione serenissimorum principum Barbadici, Lauredani, Grimani, Gritti, Triuisani, Venerij ac incliti D. Laurentij Priolo ... summo studio ... D. Iac. Nouello ... nuper in lucem data 210 $aVenetiis$c[al segno della Fontana]$eVenetiis$h1596 215 $a[26], 211, [1] c.$cill.$d4° 300 $aColophon a c. 2D3v 300 $aMarca tip. sul front.: Fontana zampillante a forma di anfora sorretta da puttini (Q38,Z559) 300 $aCors. ; rom 300 $aA c. A1r vignetta con Leone di S. Marco datata 1586; a c. 2D4v vignetta con La Giustizia 300 $aIniziali xil. 307 $aSegn.: a-c8 d2 A-2C8 2D4 500 10$aVolumen Statutorum, legum ac iurium D. Venetorum, cum amplissimo indice omnium materiarum ...$92570319 620 $aItalia$dVenezia 702 1$aNovello,$bGiacomo 710 02$aVenezia$c$4070$032791 712 02$aAl segno della Fontana$4650 801 0$aIT$bUNIPARTHENOPE$c20211129$gREICAT$2UNIMARC 912 $a000033992 951 $aDiSEG A I 18b (1)$b1018$cNAVA1$d2021 996 $aVolumen Statutorum, legum ac iurium D. Venetorum, cum amplissimo indice omnium materiarum ..$92570319 997 $aUNIPARTHENOPE